Itinerario didáctico El Molinar: patrimonio y fuentes documentales

Guardat en:
Dades bibliogràfiques
Autors principals: Sebastiá Alcaraz, Rafael (Autor), Blanes Nadal, Georgina (Autor), Garrigós Oltra, Lluís (Autor)
Format: Llibre
Idioma:espanyol
Publicat: Alicante Artes Gráficas Alcoy 2003
Matèries:
Etiquetes: Afegir etiqueta
Sense etiquetes, Sigues el primer a etiquetar aquest registre!

MARC

LEADER 00000nam a2200000 a 4500
001 UCG1444
003 CL-VaPUC
008 100506e20030000SP |||||||||||||||||spa|d
020 |a 846077774X 
082 0 4 |a 910.021  |b SEB  |2 21 
100 0 |a Sebastiá Alcaraz, Rafael  |e author  |9 549382 
700 0 |a Blanes Nadal, Georgina  |e author  |9 549383 
700 0 |a Garrigós Oltra, Lluís  |e author  |9 549384 
245 1 0 |a Itinerario didáctico El Molinar: patrimonio y fuentes documentales 
300 |a 47 p 
942 |c BK 
945 |d 20100506 00:00:00  |a rbrito 
260 |a Alicante  |b Artes Gráficas Alcoy  |c 2003 
650 7 |a INVESTIGACION GEOGRAFICA  |2 CL-VaPUC  |9 320863 
650 0 |a Enseñanza de la geografía  |9 310005 
583 |a last modification  |c 20100506 00:00:00  |k Rodrigo Vera 
999 |c 340810  |d 340808 
952 |0 0  |1 0  |4 0  |6 910_021000000000000_SEB_2003  |7 0  |8 X  |9 435845  |a FDOMLP  |b FDOMLP  |d 2019-11-22  |i 4669622  |o 910.021 SEB 2003  |p 4669622  |r 2019-11-22  |w 2019-11-22  |y BK_X  |k BU2